000 01086nam0a2200301 4500
001 RU\NLR\BIBL_A\012119006
005 20250623211810.0
010 _9500
035 _a(NLR Aleph) 012119006
090 _a13297864
_c13297864
100 _a20191014d1987 |||y0rusy50 ca
101 0 _aaze
102 _aAZ
105 _ay z 000 y
200 1 _aМотор jанаҹаглары вә jағларын тәтбиги әсаслары
_eдәрс вәсаити
_fБ. Ҹ. Шыхализадә, Н. Ә. Сәлимова, Р. М. Азәри
210 _aБакы
_cНКИ
_d1987
215 _a100 с.
_d20
541 1 _aОсновы применения моторных топлив и масел
_eучеб. пособие
700 1 _aШыхализадә
_bБ. Ҹ.
_4070
701 1 _aСәлимова
_bН. Ә.
_4070
701 1 _aАзәри
_bР. М.
_4070
790 1 _aШихализаде
_bП. Д.
_4070
790 1 _aСалимова
_bН. А.
_4070
790 1 _aАзери
_bР. М.
_4070
852 _aNLR
_bОНЛ
_jАзерб./2-22610
942 _cBOOK
980 _aNB